00429nam a2200169Ia 450000500170000000800410001702000150005808200130007324500410008626000410012730000130016865000110018165000130019265000180020565000140022370000220023720240808054730.0240331s9999 xx 000 0 und d a0709935900 bLANa400 0aLanguage, communication & Education aAustraliabThe open universityc1987 a465 p ., aSocial aLanguage aCommunication aEducation aMayor, B.M. eedt